Traité de chimie (Registro nro. 183448)

Detalles MARC
000 -ENCABEZADO
Número de control [NR] 00748cam a22002051 4500
005 - FECHA Y HORA DE LA ÚLTIMA TRANSACCIÓN
control field 20210908163616.0
008 - DE LONGITUD FIJA DE DATOS DE ELEMENTOS - INFORMACIÓN GENERAL
Elementos de longitud fija [NR] 820626s1865 f ad frn 000 0 fre d
040 ## - FUENTE DE CATALOGACION [NR]
Agencia de catalogación original [NR] CO-BoUCM
Idioma de catalogación [NR] spa
Quien Cataloga Sandra Yazo (modificó)
Quien Clasifica Sandra Yazo (modificó)
041 00 - CODIGO DE IDIOMA [R]
Código de idioma para texto/pista de sonido o título separado [R] Francés
060 00 - SIGNATURA TOPOGRAFICA DE LA BIBLIOTECA NACIONAL DE MEDICINA (NLM) [R]
Número clasificador [R] QD 33
100 1# - ASIENTO PRINCIPAL--NOMBRE PERSONAL [NR]
Nombre personal [NR] Pelouze, Théophile Jules
Fechas asociadas con el nombre [NR] 1807-1867
ID Autoridad 49977
245 10 - MENCION DE TITULO [NR]
Título [NR] Traité de chimie
Parte restante del título [NR] générale, analytique, industrielle et agricole
Mención de responsabilidad, etc. [NR] J. Pelouze y E. Fremy
250 ## - MENCION DE EDICION [NR]
Mención de edición [NR] 3a ed
260 ## - PUBLICACION, DISTRIBUCION, ETC. (PIE DE IMPRENTA) [R]
Lugar de publicación, distribución, etc. [R] París (Francia)
Nombre del editor, distribuidor, etc. [R] Masson
Fecha de publicación, distribución, etc. [R] 1865
300 ## - DESCRIPCION FISICA [R]
Extensión [R] 1071 páginas (v.1)
Otros detalles físicos [NR] ilustraciones y gráficas
650 #4 - ASIENTO SECUNDARIO DE MATERIA - TERMINO TEMATICO [R]
Término temático o nombre geográfico como elemento de entrada [NR] Química
9 (RLIN) 22980
690 ## - ASUNTO AGREGADO LOCAL DE ENTRADA - TÉRMINO TEMÁTICO (OCLC, RLIN)
Acceso temático local Ciencias naturales
9 (RLIN) 10813
700 1# - ASIENTO SECUNDARIO - NOMBRE PERSONAL [R]
Nombre personal [NR] Fremy, E.
Forma más completa del nombre [NR] (Edmond)
Fechas asociadas con el nombre [NR] 1814-1894.
9 (RLIN) 49979
942 ## - ELEMENTOS DE ENTRADA AGREGADOS (KOHA)
Tema principal 25
Tipo de ítem principal el descrito en 300a Libro
Edición 3
Parte restante de la signatura top. P392
Título oculto en OPAC No
Sistema de clasificación NLM
Clasificación QD 33
Existencias
Suprimido Perdido Sistema de clasificación Dañado No prestable Tipo de ítem específico Ubicación habitual Ubicación actual Localización Fecha de creación Proveedor Forma de adquisición Costo Volúmen / Fascículo Signatura topográfica Código de barras Última vez visto Ejemplar Costo de reposición Price effective from Tipo de ítem Nota pública (OPAC)
    NLM     Libro Archivo Histórico Archivo Histórico Archivo histórico 01/11/2013 12 Donación 0.00 3a.Ed. V.1 QD 33 P392 200027520 06/11/2013 Ej.1 26000.00 01/11/2013 Libro TRANSFERENCIA CRAI C11